Charter of the Surveyors' Institution (Record no. 99734)

MARC details
000 -LEADER
fixed length control field 00610cam a22001815a 4500
001 - CONTROL NUMBER
control field ##J100648
008 - FIXED-LENGTH DATA ELEMENTS--GENERAL INFORMATION
fixed length control field 000000s1882 000 0 eng u
035 ## - SYSTEM CONTROL NUMBER
System control number (Sirsi) u100648
041 0# - LANGUAGE CODE
Language code of text/sound track or separate title eng
050 04 - LIBRARY OF CONGRESS CALL NUMBER
Classification number 333.0062 $2 18
110 2# - MAIN ENTRY--CORPORATE NAME
Corporate name or jurisdiction name as entry element Surveyors' Institution
9 (RLIN) 3783
245 00 - TITLE STATEMENT
Title Charter of the Surveyors' Institution
Remainder of title founded June 15th 1868
-- incorporated by Royal Charter, August 26th 1881
260 ## - PUBLICATION, DISTRIBUTION, ETC.
Place of publication, distribution, etc. [S.l.]
Name of publisher, distributor, etc. [s.n.]
Date of publication, distribution, etc. 1882
300 ## - PHYSICAL DESCRIPTION
Extent 27p.
Dimensions 22cm.
520 ## - SUMMARY, ETC.
Summary, etc. First edition of RICS' Royal Charter
690 ## - LOCAL SUBJECT ADDED ENTRY--TOPICAL TERM (OCLC, RLIN)
Topical term or geographic name as entry element ABOUT RICS-RICS STRUCTURE AND GOVERNANCE-RICS ROYAL CHARTER AND BYE-LAWS
942 ## - ADDED ENTRY ELEMENTS (KOHA)
Suppress in OPAC 0
Holdings
Withdrawn status Lost status Damaged status Not for loan Home library Current library Shelving location Date acquired Total Checkouts Full call number Barcode Date last seen Copy number Price effective from Koha item type Public note
        Historic collection Historic collection RICS Boxes 21/10/1999   RICS 1882/1 30059283 30/04/2024 1 06/08/2019 Archive  
        Historic collection Historic collection RICS Boxes 21/10/1999   RICS 1882/1 30059594 30/04/2024 2 06/08/2019 Archive Please contact [email protected] to request a digital copy